000 00268nam a2200121 a 4500
008 100923s1975|||| d
245 1 0 _aKmíni
100 1 _aFaulkner, William
260 _bPravda
_aBratislava
_c1975
020 _c28
044 _axo
_cSK
041 _aslo
999 _c10659
_d10659